[Event "N�-LL 2007_08"]
[Site "?"]
[Date "2007.12.16"]
[Round "7"]
[White "Winiwarter, Felix"]
[Black "Svanda, Pavel"]
[Result "1-0"]
[WhiteElo "2147"]
[BlackElo "2246"]
[Annotator "Krems : Waidhofen"]
[PlyCount "57"]
[EventDate "2007.10.10"]
[SourceDate "2008.01.09"]

1. e4 c5 2. Nf3 Nc6 3. d4 cxd4 4. Nxd4 Qc7 5. Nc3 e6 6. Be2 a6 7. O-O Nf6 8.
Be3 d6 9. f4 Be7 10. Qe1 O-O 11. Qg3 Bd7 12. Kh1 b5 13. a3 g6 14. f5 Ne5 15.
Bh6 Rfc8 16. Bg5 Rf8 17. Qh4 Qd8 18. Rf2 exf5 19. exf5 gxf5 20. Nxf5 Bxf5 21.
Rxf5 Ng6 22. Qh6 Nd7 23. Bf3 Rc8 24. Bxe7 Qxe7 25. Rh5 Rfe8 26. Qxh7+ Kf8 27.
Qh6+ Kg8 28. Rf1 Qe1 29. Be2 1-0

[Event "N�-LL 2007_08"]
[Site "?"]
[Date "2007.12.16"]
[Round "7"]
[White "Kropik, Martin"]
[Black "W�ber, Friedrich"]
[Result "0-1"]
[WhiteElo "2089"]
[BlackElo "2103"]
[Annotator "Krems : Waidhofen"]
[PlyCount "57"]
[EventDate "2007.10.10"]
[SourceDate "2008.01.09"]

1. d4 Nf6 2. c4 e5 3. dxe5 Ng4 4. Bf4 g5 5. Bg3 Bg7 6. Nf3 Nc6 7. Nc3 Ngxe5 8.
e3 h5 9. Nxe5 Nxe5 10. Be2 h4 11. Bxe5 Bxe5 12. f4 gxf4 13. exf4 Bxc3+ 14. bxc3
d6 15. O-O Qf6 16. Bg4 Be6 17. f5 Bxc4 18. Re1+ Kf8 19. Rb1 b5 20. Qd2 Kg7 21.
Re3 Rhe8 22. Rbe1 Rxe3 23. Rxe3 Rd8 24. a3 d5 25. Qe1 c5 26. Rh3 d4 27. Rxh4
dxc3 28. Qg3 Qd4+ 29. Kh1 0-1

[Event "N�-LL 2007_08"]
[Site "?"]
[Date "2007.12.16"]
[Round "7"]
[White "Gruszka, Herbert"]
[Black "Rosenauer, Harald"]
[Result "1-0"]
[WhiteElo "1972"]
[BlackElo "1981"]
[Annotator "Krems : Waidhofen"]
[PlyCount "83"]
[EventDate "2007.10.10"]
[SourceDate "2008.01.09"]

1. e4 e6 2. d4 d5 3. Nc3 Bb4 4. e5 Ne7 5. a3 Bxc3+ 6. bxc3 c5 7. Nf3 b6 8. Bb5+
Bd7 9. Bd3 c4 10. Be2 Ba4 11. Bg5 Nbc6 12. h3 Qd7 13. O-O O-O-O 14. Nd2 h6 15.
Bxe7 Nxe7 16. Rb1 g5 17. Rb4 b5 18. Bg4 Nf5 19. Rb2 h5 20. Bxh5 Nxd4 21. cxd4
c3 22. Ra2 cxd2 23. Bg4 Qc7 24. Qxd2 Qc4 25. Rb2 Rdg8 26. Re1 Qc7 27. Re3 Kd7
28. Rc3 Qb6 29. Rf3 Rg7 30. Rc3 Rgg8 31. Rc5 Rc8 32. Rxd5+ Ke8 33. Rd6 Qc7 34.
Qxg5 Qe7 35. Qg7 Rf8 36. Bf3 a5 37. Bc6+ Rxc6 38. Rxc6 Kd7 39. Rd6+ Kc7 40. Qg3
Kb7 41. Qf3+ Kc8 42. Qa8+ 1-0

[Event "N�-LL 2007_08"]
[Site "?"]
[Date "2008.01.20"]
[Round "8"]
[White "Kummer, Helmut"]
[Black "Wukits, Rene"]
[Result "0-1"]
[WhiteElo "2324"]
[BlackElo "2254"]
[Annotator "Schwarzatal : B.V�slau/Kottingbrunn"]
[PlyCount "74"]
[EventDate "2007.10.10"]
[SourceDate "2008.01.22"]

1. d4 Nf6 2. c4 e6 3. Nc3 c5 4. d5 exd5 5. cxd5 d6 6. e4 g6 7. f4 Qe7 8. Bb5+
Bd7 9. Qe2 Bxb5 10. Qxb5+ Nbd7 11. Nf3 Nxe4 12. O-O O-O-O 13. Re1 f5 14. Qa4
Kb8 15. Nxe4 fxe4 16. Rxe4 Nb6 17. Rxe7 Nxa4 18. Rf7 Nb6 19. Bd2 Nxd5 20. Rd1
Re8 21. Ba5 Nb6 22. Bc3 Rg8 23. Rxh7 Re7 24. Ng5 Rxh7 25. Nxh7 Be7 26. g4 d5
27. Be5+ Kc8 28. Kf2 d4 29. f5 gxf5 30. gxf5 Nd7 31. Re1 c4 32. f6 Bb4 33. Re4
Re8 34. Rxd4 Rxe5 35. Rxc4+ Bc5+ 36. Kf3 Kd8 37. Rg4 Rf5+ {Rest nicht lesbar}
0-1

[Event "N�-LL 2007_08"]
[Site "?"]
[Date "2008.01.20"]
[Round "8"]
[White "Csonka, Attila"]
[Black "Lampl, Gerald"]
[Result "0-1"]
[WhiteElo "2312"]
[BlackElo "2094"]
[Annotator "Schwarzatal : B.V�slau/Kottingbrunn"]
[PlyCount "86"]
[EventDate "2007.10.10"]
[SourceDate "2008.01.27"]

1. e4 c6 2. d4 d5 3. Nc3 dxe4 4. Nxe4 Nd7 5. Nf3 Ndf6 6. Ng3 Bg4 7. c3 e6 8.
Be2 Bd6 9. Ne5 Bxe2 10. Qxe2 Qc7 11. Nc4 O-O-O 12. a4 Re8 13. Be3 h5 14. O-O-O
h4 15. Nf1 Nd5 16. Nfd2 Ngf6 17. Nxd6+ Qxd6 18. Nc4 Qc7 19. Bd2 Nb6 20. Nxb6+
Qxb6 21. Kc2 Qa5 22. b3 Qd5 23. f4 h3 24. g3 Qf5+ 25. Kb2 Ng4 26. c4 Qg6 27.
Rhe1 f5 28. Bb4 Rd8 29. Be7 Rd7 30. Bg5 Re8 31. Rd2 Kc7 32. Qf1 e5 33. d5 e4
34. Qxh3 e3 35. Rc2 cxd5 36. cxd5+ Kb8 37. Qf1 Rxd5 38. Qc4 Qd6 39. h3 Nf2 40.
Ka2 Rd2 41. Re2 Rxe2 42. Rxe2 Nd3 43. Qf7 Rd8 0-1

[Event "N�-LL 2007_08"]
[Site "?"]
[Date "2008.01.20"]
[Round "8"]
[White "Zojer, Thomas"]
[Black "Degen, Gerhard"]
[Result "0-1"]
[WhiteElo "2114"]
[BlackElo "2095"]
[Annotator "Schwarzatal : B.V�slau/Kottingbrunn"]
[PlyCount "104"]
[EventDate "2007.10.10"]
[SourceDate "2008.01.27"]

1. d4 d5 2. c4 c6 3. Nf3 Nf6 4. Nc3 a6 5. e3 g6 6. Bd3 Bg7 7. O-O O-O 8. cxd5
cxd5 9. Bd2 Nc6 10. Rc1 Bg4 11. Be2 Rc8 12. Ne1 Bxe2 13. Qxe2 e5 14. dxe5 Nxe5
15. Nf3 Nc4 16. Rc2 Ne4 17. Nxe4 dxe4 18. Nd4 Nxd2 19. Rxd2 Qa5 20. b3 Rc7 21.
Rfd1 Rfc8 22. g3 Rc1 23. Rxc1 Rxc1+ 24. Kg2 Bf8 25. h4 h5 26. Rc2 Re1 27. Qc4
Rb1 28. Ne2 Qe1 29. Rc1 Rxc1 30. Nxc1 Qd2 31. a4 Ba3 32. Ne2 Qd3 33. Qxd3 exd3
34. Nc3 Bb4 35. Nd1 Kg7 36. f4 Kf6 37. e4 Ke6 38. Kf2 Kd6 39. Ke3 Be1 40. e5+
Kc5 41. Nb2 d2 42. Nd3+ Kd5 43. Ke2 Bxg3 44. Kxd2 Bxh4 45. Ke3 Be7 46. Ne1 g5
47. Ng2 g4 48. Kf2 Ke4 49. Kg3 a5 50. Ne1 Kf5 51. Ng2 h4+ 52. Kf2 Bc5+ 0-1

[Event "N�-LL 2007_08"]
[Site "?"]
[Date "2008.01.20"]
[Round "8"]
[White "Braun, Karl-Heinz"]
[Black "Brehovsky, Paul"]
[Result "1/2-1/2"]
[WhiteElo "2036"]
[BlackElo "2100"]
[Annotator "Schwarzatal : B.V�slau/Kottingbrunn"]
[PlyCount "88"]
[EventDate "2007.10.10"]
[SourceDate "2008.01.27"]

1. e4 e6 2. d3 d5 3. Nd2 Nf6 4. Ngf3 Be7 5. Be2 c5 6. O-O Nc6 7. Re1 O-O 8. Bf1
b5 9. a4 b4 10. c3 Ba6 11. exd5 exd5 12. Nb3 Re8 13. Bg5 Nd7 14. h4 Rc8 15. g3
h6 16. Bf4 Qb6 17. Bh3 Rcd8 18. Rc1 Nf6 19. d4 c4 20. Nbd2 Bc8 21. Bxc8 Rxc8
22. Qc2 Qb7 23. Nf1 Qd7 24. Ne3 Nh5 25. Ng2 bxc3 26. bxc3 Nxf4 27. Nxf4 Bf8 28.
Kg2 Na5 29. Ne5 Qb7 30. Qf5 Bd6 31. Ng4 Bxf4 32. Qxf4 Nb3 33. Rxe8+ Rxe8 34.
Rc2 Na5 35. Ne3 Qd7 36. Ra2 Rd8 37. Qf3 Nc6 38. Rb2 Ne7 39. a5 Qc6 40. Rb4 Rc8
41. Ng4 Qc7 42. Rb5 Qd7 43. Rb2 Qc7 44. Re2 Rd8 1/2-1/2

[Event "N�-LL 2007_08"]
[Site "?"]
[Date "2008.01.20"]
[Round "8"]
[White "Schroll, Gerhard"]
[Black "Denk, Adolf"]
[Result "1-0"]
[WhiteElo "2386"]
[BlackElo "2259"]
[Annotator "St.P�lten : Wr.Neustadt"]
[PlyCount "103"]
[SourceDate "2007.09.29"]

1. e4 d5 2. exd5 Qxd5 3. Nf3 Nf6 4. Nc3 Qd6 5. Bc4 g6 6. Qe2 Bg7 7. d4 O-O 8.
O-O Bg4 9. h3 Bxf3 10. Qxf3 c6 11. d5 cxd5 12. Nxd5 Nxd5 13. Qxd5 Qc7 14. c3
Nc6 15. Be3 Rad8 16. Qe4 Qe5 17. Qxe5 Nxe5 18. Be2 b6 19. Rfd1 e6 20. Bb5 f5
21. f4 Nf7 22. Bc4 Rxd1+ 23. Rxd1 Rd8 24. Re1 Rd6 25. Bf2 Nd8 26. Bh4 Kf8 27.
Kf2 Ke8 28. Re2 Bf8 29. Bf6 Be7 30. Be5 Rd1 31. b4 Kf7 32. Bb3 Rd3 33. Bc2 Bh4+
34. Kf1 Rd7 35. Ba4 Rd3 36. Bd4 Be7 37. Bc2 Rxd4 38. cxd4 Bxb4 39. d5 Kf6 40.
Bb3 exd5 41. Bxd5 Bd6 42. g3 h6 43. h4 b5 44. Kg2 a5 45. Rc2 Ne6 46. Rc6 Ke7
47. Bxe6 Kxe6 48. Rb6 b4 49. Ra6 a4 50. Rxa4 Be7 51. Ra6+ Kf7 52. h5 1-0

[Event "N�-LL 2007_08"]
[Site "?"]
[Date "2008.01.20"]
[Round "8"]
[White "Ganaus, Hannes"]
[Black "Steiner, Bruno"]
[Result "1/2-1/2"]
[WhiteElo "2340"]
[BlackElo "2220"]
[Annotator "St.P�lten : Wr.Neustadt"]
[PlyCount "64"]
[EventDate "2007.10.10"]
[SourceDate "2008.01.27"]

1. d4 d5 2. Nf3 e6 3. e3 Nf6 4. c4 Be7 5. b3 O-O 6. Bd3 dxc4 7. bxc4 c5 8. O-O
Nc6 9. Nc3 cxd4 10. exd4 b6 11. Be3 Ba6 12. Qa4 Nb4 13. Be2 Qe8 14. Nb5 Bxb5
15. cxb5 a6 16. Qb3 axb5 17. a3 Nbd5 18. Bxb5 Qb8 19. Rfc1 Bd6 20. g3 h6 21. a4
Ra7 22. Rc4 Rc8 23. Rac1 Rac7 24. Bd2 Qb7 25. Rxc7 Rxc7 26. Rxc7 Nxc7 27. Be2
Qc6 28. Qc4 Qxc4 29. Bxc4 Nfd5 30. Kf1 f6 31. h4 Kf7 32. Ke2 Bb4 1/2-1/2

[Event "N�-LL 2007_08"]
[Site "?"]
[Date "2008.01.20"]
[Round "8"]
[White "Posch, Werner"]
[Black "Wallner, Erich"]
[Result "1-0"]
[WhiteElo "2173"]
[BlackElo "2192"]
[Annotator "St.P�lten : Wr.Neustadt"]
[PlyCount "43"]
[EventDate "2007.10.10"]
[SourceDate "2008.01.27"]

1. e4 c6 2. d3 d5 3. Nd2 g6 4. Ngf3 Bg7 5. g3 e5 6. Bg2 Ne7 7. O-O O-O 8. Re1
Bg4 9. h3 Bxf3 10. Nxf3 Nd7 11. b3 Qc7 12. Bb2 Rfe8 13. h4 Rad8 14. Qe2 dxe4
15. dxe4 b5 16. a4 a6 17. Bh3 Nb8 18. Bc3 Nc8 19. axb5 axb5 20. Ba5 Nb6 21. Qe3
Rd6 22. c4 1-0

[Event "N�-LL 2007_08"]
[Site "?"]
[Date "2008.01.20"]
[Round "8"]
[White "J�nger, Heinz"]
[Black "Wiedner, Robert"]
[Result "1-0"]
[WhiteElo "2027"]
[BlackElo "2141"]
[Annotator "St.P�lten : Wr.Neustadt"]
[PlyCount "81"]
[EventDate "2007.10.10"]
[SourceDate "2008.01.27"]

1. e4 c5 2. Nf3 e6 3. d4 cxd4 4. Nxd4 a6 5. Nc3 b5 6. Bd3 Bb7 7. O-O Nf6 8. Re1
Nc6 9. Nxc6 Bxc6 10. Bg5 Qb6 11. a4 b4 12. Bxf6 gxf6 13. Nd5 Qd8 14. a5 Bxd5
15. exd5 Bd6 16. dxe6 fxe6 17. Be4 Ke7 18. Bxa8 Qxa8 19. Qd3 Qc6 20. Re3 Be5
21. c3 bxc3 22. bxc3 Kf8 23. Rb1 Rg8 24. g3 Bc7 25. Qxh7 Rg7 26. Qh6 Kf7 27.
Rb4 f5 28. Qh5+ Kf6 29. Qh4+ Kg6 30. Rc4 Qd6 31. Rd4 Qc5 32. Qh8 Qb5 33. h4 f4
34. h5+ Kf7 35. h6 Qb1+ 36. Kg2 Qb7+ 37. Kh2 fxg3+ 38. fxg3 Rxg3 39. Rxg3 Bxg3+
40. Kxg3 Qc7+ 41. Rf4+ 1-0

[Event "N�-LL 2007_08"]
[Site "?"]
[Date "2008.01.20"]
[Round "8"]
[White "Vykydal, Frantisek"]
[Black "Trkulja, Zoran"]
[Result "1/2-1/2"]
[WhiteElo "2240"]
[BlackElo "2199"]
[Annotator "Bisamberg/Korneuburg : Zwettl"]
[PlyCount "27"]
[EventDate "2007.10.10"]
[SourceDate "2008.01.27"]

1. e4 e5 2. Nf3 Nc6 3. Bb5 a6 4. Ba4 Nge7 5. O-O g6 6. d3 Bg7 7. Bxc6 Nxc6 8.
Be3 d6 9. h3 O-O 10. Nh2 f5 11. f3 d5 12. exd5 Qxd5 13. Nc3 Qd6 14. f4 1/2-1/2

[Event "N�-LL 2007_08"]
[Site "?"]
[Date "2008.01.20"]
[Round "8"]
[White "Wagner, Stefan"]
[Black "Wetscherek, Gerhard"]
[Result "1-0"]
[WhiteElo "2126"]
[BlackElo "2070"]
[Annotator "Bisamberg/Korneuburg : Zwettl"]
[PlyCount "71"]
[EventDate "2007.10.10"]
[SourceDate "2008.01.27"]

1. e4 e6 2. d3 d5 3. Nd2 c5 4. Ngf3 Nf6 5. g3 Nc6 6. Bg2 Be7 7. O-O O-O 8. e5
Nd7 9. Re1 Qc7 10. Qe2 b6 11. Nf1 Bb7 12. Bf4 Rac8 13. h4 b5 14. N1h2 Nb6 15.
Ng5 Nd4 16. Qh5 Bxg5 17. hxg5 Nd7 18. Rac1 Qa5 19. c3 Nf5 20. Ng4 g6 21. Qh3 h5
22. Nf6+ Nxf6 23. exf6 Rfd8 24. f3 d4 25. g4 dxc3 26. bxc3 hxg4 27. fxg4 Bxg2
28. Kxg2 Qxa2+ 29. Kg1 Qd5 30. gxf5 Qxf5 31. Qxf5 gxf5 32. Re3 b4 33. Kf2 bxc3
34. Rh3 Rd4 35. Rch1 Rxf4+ 36. Ke3 1-0

[Event "N�-LL 2007_08"]
[Site "?"]
[Date "2008.01.20"]
[Round "8"]
[White "Kretschy, Erich"]
[Black "Stadler, Peter"]
[Result "1/2-1/2"]
[WhiteElo "2005"]
[BlackElo "2109"]
[Annotator "Bisamberg/Korneuburg : Zwettl"]
[PlyCount "80"]
[EventDate "2007.10.10"]
[SourceDate "2008.01.27"]

1. d4 Nf6 2. c4 g6 3. Nc3 d5 4. cxd5 Nxd5 5. e4 Nxc3 6. bxc3 Bg7 7. Be3 c5 8.
Qd2 Qa5 9. Rb1 a6 10. Nf3 Nc6 11. Rc1 cxd4 12. cxd4 Qxd2+ 13. Kxd2 f5 14. Bd3
O-O 15. exf5 Bxf5 16. Bxf5 gxf5 17. g3 Rfd8 18. Ke2 Rd5 19. Rc2 Rad8 20. Rb1
R8d7 21. a4 Bxd4 22. Bxd4 Nxd4+ 23. Nxd4 Rxd4 24. Ra2 Kf7 25. Rb6 Rc4 26. a5
Rc5 27. h3 Rdd5 28. Rxb7 Rxa5 29. Rc2 Ra3 30. Ra7 Re5+ 31. Kf1 a5 32. Kg2 h5
33. Ra6 e6 34. Ra8 Re4 35. h4 f4 36. Rc7+ Kf6 37. Rf8+ Ke5 38. Rc5+ Kd6 39.
Rxh5 fxg3 40. fxg3 Re2+ 1/2-1/2

[Event "N�-LL 2007_08"]
[Site "?"]
[Date "2008.01.20"]
[Round "8"]
[White "Kleiser, Georg"]
[Black "Rumpl, Erwin"]
[Result "1/2-1/2"]
[WhiteElo "2302"]
[BlackElo "2286"]
[Annotator "Amstetten : Niederabsdorf"]
[PlyCount "121"]
[EventDate "2008.??.??"]
[SourceDate "2008.01.20"]

1. d4 g6 2. Nf3 Bg7 3. Bf4 d6 4. e3 Nc6 5. Be2 e5 6. dxe5 Nxe5 7. Nxe5 dxe5 8.
Qxd8+ Kxd8 9. Bg3 Nh6 10. Nc3 c6 11. e4 Be6 12. Na4 b6 13. b3 f5 14. O-O-O+ Kc7
15. f3 fxe4 16. fxe4 Ng4 17. Rdf1 Rhf8 18. h3 Nh6 19. Nb2 Bg8 20. a4 Nf7 21.
Bc4 Nd6 22. Bxg8 Rxg8 23. Nc4 Nxc4 24. bxc4 Rgf8 25. Kb2 Kd6 26. Rd1+ Ke6 27.
Rd3 Rad8 28. Kc3 Rd4 29. Re1 Rf7 30. a5 Bf8 31. axb6 Rxd3+ 32. cxd3 axb6 33.
Re3 Ra7 34. Rf3 Be7 35. Kb3 Ra1 36. Bf2 b5 37. Kb2 Ra4 38. cxb5 cxb5 39. Be3
Ra8 40. Bh6 Rc8 41. Bd2 Rc7 42. Kb3 Bc5 43. Bb4 Bd4 44. Ba3 Rc3+ 45. Kb4 Rc2
46. g4 Rg2 47. Kxb5 h5 48. gxh5 gxh5 49. Rf5 h4 50. Rh5 Bf2 51. Rh6+ Kf7 52.
Bd6 Bg3 53. Kc4 Rd2 54. Rh5 Ke6 55. Rh6+ Kf7 56. Bb4 Rh2 57. Bc3 Rxh3 58. Rh5
Ke6 59. Rh6+ Kf7 60. Rh5 Ke6 61. Rh6+ 1/2-1/2

[Event "N�-LL 2007_08"]
[Site "?"]
[Date "2008.01.20"]
[Round "8"]
[White "Wadsack, Wolfgang"]
[Black "Hansen, Kay"]
[Result "1/2-1/2"]
[WhiteElo "2210"]
[BlackElo "2193"]
[Annotator "Amstetten : Niederabsdorf"]
[PlyCount "32"]
[EventDate "2008.??.??"]

1. e4 c6 2. d4 d5 3. exd5 cxd5 4. c4 Nf6 5. Nc3 Nc6 6. Bg5 dxc4 7. Bxc4 e6 8.
Nf3 Be7 9. O-O O-O 10. Re1 b6 11. d5 Nxd5 12. Bxd5 exd5 13. Qxd5 Qxd5 14. Nxd5
Bxg5 15. Nxg5 Bb7 16. Rac1 Rfe8 1/2-1/2

[Event "N�-LL 2007_08"]
[Site "?"]
[Date "2008.01.20"]
[Round "8"]
[White "Teuber, Andreas"]
[Black "Dumancic, Pero"]
[Result "1-0"]
[WhiteElo "2156"]
[BlackElo "2062"]
[Annotator "Amstetten : Niederabsdorf"]
[PlyCount "107"]
[EventDate "2008.??.??"]
[SourceDate "2008.01.20"]

1. d4 Nf6 2. Nf3 c6 3. c4 d5 4. cxd5 cxd5 5. Nc3 e6 6. Bf4 Bd6 7. Bxd6 Qxd6 8.
e3 Nc6 9. Bb5 Bd7 10. O-O O-O 11. Rc1 a6 12. Bxc6 Bxc6 13. Qb3 Nd7 14. Rc2 Rfc8
15. Rfc1 b5 16. Ne5 Nb6 17. Ne4 dxe4 18. Rxc6 Rxc6 19. Rxc6 Rc8 20. Rxc8+ Nxc8
21. Qc2 Nb6 22. Qxe4 Qb4 23. g3 Qe1+ 24. Kg2 Nd5 25. Qc2 g6 26. Nf3 Qb4 27. a3
Qc4 28. Qxc4 bxc4 29. Ne5 c3 30. bxc3 Nxc3 31. Kf1 f6 32. Nd7 Kf7 33. Ke1 Ke7
34. Nc5 a5 35. a4 e5 36. Kd2 exd4 37. exd4 Nd5 38. Kc2 Kd8 39. Nb7+ Kc7 40.
Nxa5 Kb6 41. Nc4+ Kc6 42. Kd3 h5 43. Nd2 Nb6 44. a5 Nc8 45. Nc4 Kb5 46. d5 Kc5
47. d6 Kc6 48. f3 Na7 49. g4 Kd7 50. gxh5 gxh5 51. h4 Nc6 52. Ke4 Ke6 53. a6
Na7 54. Kd4 1-0

[Event "N�-LL 2007_08"]
[Site "?"]
[Date "2008.01.20"]
[Round "8"]
[White "Wadsack, Winfried"]
[Black "Wiedermann, Daniel"]
[Result "1/2-1/2"]
[WhiteElo "2093"]
[BlackElo "2078"]
[Annotator "Amstetten : Niederabsdorf"]
[PlyCount "38"]
[EventDate "2008.??.??"]
[SourceDate "2008.01.20"]

1. e4 c5 2. c3 Nf6 3. e5 Nd5 4. d4 cxd4 5. Nf3 Nc6 6. Bc4 Nb6 7. Bb3 d5 8. exd6
Qxd6 9. cxd4 Be6 10. O-O Bxb3 11. Qxb3 e6 12. Nc3 Be7 13. Nb5 Qb8 14. g3 O-O
15. Bf4 Qd8 16. Bc7 Qd7 17. Bxb6 axb6 18. Rfd1 Rfd8 19. Ne5 Qd5 1/2-1/2

[Event "N�-LL 2007_08"]
[Site "?"]
[Date "2008.01.20"]
[Round "8"]
[White "Penz, Harald"]
[Black "Svanda, Pavel"]
[Result "1-0"]
[WhiteElo "2329"]
[BlackElo "2246"]
[Annotator "Waidhofen : Mauerbach"]
[PlyCount "107"]
[EventDate "2007.10.10"]
[SourceDate "2008.01.27"]

1. e4 c5 2. c3 d5 3. exd5 Qxd5 4. d4 e6 5. Nf3 a6 6. Be3 cxd4 7. cxd4 Nf6 8.
Nc3 Qd6 9. Bd3 b5 10. a4 b4 11. Ne4 Qd5 12. Nfd2 Bb7 13. Nxf6+ gxf6 14. Be4 Qd7
15. Qf3 Nc6 16. Rc1 Rc8 17. Qxf6 Rg8 18. d5 Qd8 19. Qxd8+ Nxd8 20. Rxc8 Bxc8
21. dxe6 Bxe6 22. Bxh7 Rxg2 23. Be4 Rg8 24. Bd4 f5 25. Bf3 Kd7 26. Ke2 Nc6 27.
Bf6 Rg6 28. Rc1 Rxf6 29. Rxc6 Rh6 30. h4 Rxh4 31. Rxa6 Bc5 32. Ra5 Kd6 33. Rb5
Rh2 34. a5 Rxf2+ 35. Kd3 Rh2 36. a6 Rh7 37. Nc4+ Bxc4+ 38. Kxc4 Rh4+ 39. Kd3
Rh7 40. Bb7 Rh3+ 41. Kc4 Rh4+ 42. Kb3 Rh3+ 43. Kc4 Rh4+ 44. Kd3 Rh3+ 45. Kd2
Rh2+ 46. Kc1 Be3+ 47. Kb1 f4 48. Rxb4 Kc7 49. Be4 Bb6 50. a7 Bxa7 51. Rb7+ Kd6
52. Rxa7 Ke5 53. Ba8 Rf2 54. Ka2 1-0

[Event "N�-LL 2007_08"]
[Site "?"]
[Date "2008.01.20"]
[Round "8"]
[White "Brychta, David"]
[Black "Neumeier, Klaus"]
[Result "1-0"]
[WhiteElo "2160"]
[BlackElo "2289"]
[Annotator "Waidhofen : Mauerbach"]
[PlyCount "101"]
[EventDate "2007.10.10"]
[SourceDate "2008.01.27"]

1. d4 Nf6 2. Nf3 g6 3. g3 Bg7 4. Bg2 O-O 5. O-O d6 6. c4 Nc6 7. Nc3 Bg4 8. h3
Bxf3 9. Bxf3 Nd7 10. e3 e5 11. d5 Ne7 12. Bg2 f5 13. e4 Nf6 14. exf5 gxf5 15.
f4 Nd7 16. Be3 Ng6 17. Ne2 exf4 18. Nxf4 Nxf4 19. gxf4 Bxb2 20. Rb1 Ba3 21.
Rxb7 Bc5 22. Rb3 Qh4 23. Kh2 Rf6 24. Bc1 Rg6 25. Qe2 Kf7 26. Qe1 Qh6 27. Qe6+
Rxe6 28. dxe6+ Ke7 29. Bxa8 Nf6 30. Bd5 Qh5 31. Rbf3 Qh4 32. Rg3 Nh5 33. Rg5 h6
34. Rg2 Bd4 35. Bd2 Qf6 36. Rf3 Qh4 37. Rg6 c6 38. Bxc6 Nf6 39. Bd5 Ng4+ 40.
Kg2 Qh5 41. Rg8 Nf6 42. Rg7+ Kd8 43. Ba5+ Kc8 44. Rc7+ Kb8 45. Rb7+ Kc8 46.
Rc7+ Kb8 47. Rf7 Nxd5 48. cxd5 Kc8 49. Rf8+ Kb7 50. e7 Qg6+ 51. Rg3 1-0

[Event "N�-LL 2007_08"]
[Site "?"]
[Date "2008.01.20"]
[Round "8"]
[White "Weissenbeck, Manuel"]
[Black "Kropik, Martin"]
[Result "1/2-1/2"]
[WhiteElo "2238"]
[BlackElo "2089"]
[Annotator "Waidhofen : Mauerbach"]
[PlyCount "38"]
[EventDate "2007.10.10"]
[SourceDate "2008.01.27"]

1. Nf3 Nf6 2. d4 g6 3. c4 Bg7 4. g3 O-O 5. Bg2 c5 6. O-O Nc6 7. d5 Na5 8. Nfd2
d6 9. Nc3 e6 10. Qc2 exd5 11. cxd5 Rb8 12. a3 c4 13. b4 cxb3 14. Nxb3 Nd7 15.
Rb1 b5 16. Nxa5 Qxa5 17. Ne4 Qa6 18. Bf4 Ne5 19. Rb3 Bf5 1/2-1/2

[Event "N�-LL 2007_08"]
[Site "?"]
[Date "2008.01.20"]
[Round "8"]
[White "Rosenauer, Harald"]
[Black "Schorn, Christoph"]
[Result "0-1"]
[WhiteElo "1981"]
[BlackElo "2154"]
[Annotator "Waidhofen : Mauerbach"]
[PlyCount "90"]
[EventDate "2007.10.10"]
[SourceDate "2008.01.27"]

1. Nf3 Nf6 2. g3 g6 3. Bg2 Bg7 4. O-O O-O 5. c4 d5 6. cxd5 Nxd5 7. Nc3 Nb6 8.
d3 Nc6 9. Be3 e5 10. Qd2 Re8 11. Rac1 Nd4 12. Rfd1 c6 13. b4 Qe7 14. Rb1 Be6
15. Ng5 Bf5 16. b5 c5 17. Nd5 Qd7 18. Nxb6 axb6 19. Be4 Bxe4 20. Nxe4 Ra3 21.
Bxd4 exd4 22. Rdc1 Rea8 23. Rc2 R8a5 24. Qf4 h6 25. Qb8+ Kh7 26. Qd6 Qxd6 27.
Nxd6 Rxa2 28. Rxa2 Rxa2 29. Kf1 Be5 30. Nc4 Bc7 31. Rb2 Ra1+ 32. Kg2 Kg7 33. h4
h5 34. f4 Kf6 35. e4 dxe3 36. Nxe3 Ke6 37. Kf2 Ra3 38. Ke2 Bd8 39. Nc4 Ra1 40.
Kf3 Kd5 41. Ne3+ Kd4 42. Nc2+ Kc3 43. Nxa1 Kxb2 44. Ke4 Kxa1 45. f5 Kb2 0-1

[Event "N�-LL 2007_08"]
[Site "?"]
[Date "2008.01.20"]
[Round "8"]
[White "Mahdy, Khaled"]
[Black "Knoll, Hermann"]
[Result "1-0"]
[WhiteElo "2396"]
[BlackElo "2373"]
[Annotator "P�chlarn : Krems"]
[PlyCount "79"]
[EventDate "2007.10.10"]
[SourceDate "2008.01.28"]

1. e4 e5 2. Nf3 Qe7 3. Bc4 d6 4. O-O Bg4 5. Re1 Nd7 6. c3 h6 7. h3 Bh5 8. d4 g5
9. Nbd2 Bg7 10. Nf1 Kf8 11. Ng3 Bg6 12. Qb3 Nb6 13. Bf1 f6 14. a4 Qf7 15. Qa3
a5 16. b3 Ne7 17. Be3 Nbc8 18. Bc4 Qe8 19. Rad1 Bf7 20. Bb5 c6 21. Bf1 Kg8 22.
c4 Be6 23. c5 dxc5 24. dxe5 b6 25. exf6 Bxf6 26. Bc1 Qf7 27. Bb2 Kh7 28. e5 Bg7
29. Ne4 Kg8 30. Nf6+ Bxf6 31. exf6 Nd5 32. Ne5 Qe8 33. Nxc6 Qxc6 34. Rxe6 Nd6
35. Rxd6 Qxd6 36. Rxd5 Qxd5 37. Bc4 Qf7 38. Qa1 Re8 39. Bxf7+ Kxf7 40. Qd1 1-0

[Event "N�-LL 2007_08"]
[Site "?"]
[Date "2008.01.20"]
[Round "8"]
[White "Weinzettl, Ernst"]
[Black "Winiwarter, Felix"]
[Result "0-1"]
[WhiteElo "2290"]
[BlackElo "2147"]
[Annotator "P�chlarn : Krems"]
[PlyCount "54"]
[EventDate "2007.10.10"]
[SourceDate "2008.01.28"]

1. e4 c5 2. Nf3 Nc6 3. Nc3 d6 4. d4 cxd4 5. Nxd4 Nf6 6. Bc4 e6 7. Be3 Be7 8.
Qe2 a6 9. O-O-O Qc7 10. Bb3 O-O 11. g4 Nd7 12. Rhg1 Nc5 13. g5 Bd7 14. f4 Rac8
15. f5 Rfe8 16. g6 Nxb3+ 17. axb3 fxg6 18. fxg6 h6 19. Bxh6 Qa5 20. Nf5 exf5
21. Qc4+ d5 22. Nxd5 Be6 23. exf5 Qa1+ 24. Kd2 Bb4+ 25. Qxb4 Nxb4 26. Rxa1
Rxc2+ 27. Kd1 Bxd5 0-1

[Event "N�-LL 2007_08"]
[Site "?"]
[Date "2008.01.20"]
[Round "8"]
[White "W�ber, Friedrich"]
[Black "Loidl, Florian"]
[Result "1-0"]
[WhiteElo "2103"]
[BlackElo "2199"]
[Annotator "P�chlarn : Krems"]
[PlyCount "49"]
[EventDate "2007.10.10"]
[SourceDate "2008.01.28"]

1. e4 c5 2. Nf3 d6 3. d4 cxd4 4. Nxd4 Nf6 5. Nc3 a6 6. Bc4 e6 7. O-O Be7 8. Bb3
O-O 9. f4 Qc7 10. f5 e5 11. Nf3 b5 12. Bg5 b4 13. Nd5 Nxd5 14. Bxd5 Bb7 15.
Bxe7 Qxe7 16. Bxb7 Qxb7 17. Qxd6 Qxe4 18. Nxe5 a5 19. Rae1 Qxc2 20. Rc1 Qe4 21.
f6 gxf6 22. Rc4 Qxe5 23. Rg4+ Qg5 24. Rxg5+ fxg5 25. Rf5 1-0

[Event "N�-LL 2007_08"]
[Site "?"]
[Date "2008.01.20"]
[Round "8"]
[White "Gattermayer, Robert"]
[Black "Gruszka, Herbert"]
[Result "1-0"]
[WhiteElo "2084"]
[BlackElo "1972"]
[Annotator "P�chlarn : Krems"]
[PlyCount "121"]
[EventDate "2007.10.10"]
[SourceDate "2008.01.28"]

1. e4 e6 2. Qe2 Nc6 3. Nf3 Bc5 4. c3 d5 5. d4 dxe4 6. Ng5 Be7 7. Nxe4 Nf6 8.
Nbd2 O-O 9. g3 e5 10. dxe5 Nxe5 11. f3 Bf5 12. Nxf6+ Bxf6 13. Ne4 Nxf3+ 14. Kf2
Bxe4 15. Qxe4 Ne5 16. Be2 Re8 17. Rd1 Qe7 18. Qxb7 Rab8 19. Qxa7 Rb6 20. Qa4
Qc5+ 21. Kf1 Rbe6 22. Qd4 Qe7 23. Qf2 Bg5 24. Kg1 h6 25. Bxg5 hxg5 26. Rd2 g4
27. Rad1 Rf6 28. Qd4 Rd6 29. Qe4 Re6 30. Bxg4 Nxg4 31. Qxg4 Re1+ 32. Kg2 Re2+
33. Rxe2 Qxe2+ 34. Qxe2 Rxe2+ 35. Kh3 Rxb2 36. Rd8+ Kh7 37. Rd7 Rxa2 38. Rxf7
c5 39. Rf5 Ra5 40. c4 Kg6 41. Rd5 Kf6 42. Kg4 Ke6 43. h4 Kf6 44. Kf4 Ke6 45.
Kg5 Kf7 46. g4 Kf8 47. Rd8+ Ke7 48. Rc8 Kf7 49. Rc7+ Kf8 50. h5 Kg8 51. Kf5 Kf8
52. g5 Ra1 53. Rxc5 Ra6 54. Rc7 g6+ 55. hxg6 Rd6 56. c5 Rd5+ 57. Kf6 Rd8 58.
Rf7+ Kg8 59. g7 Kh7 60. g6+ Kh6 61. g8=Q 1-0

[Event "N�-LL 2007/08"]
[Site "CSCG"]
[Date "2008.01.20"]
[Round "8"]
[White "Hellmayr, Alois"]
[Black "Hangweyrer, Manfred"]
[Result "1/2-1/2"]
[WhiteElo "2295"]
[BlackElo "2372"]
[Annotator "Stockerau : B�hlerwerk"]
[PlyCount "25"]
[EventDate "2008.??.??"]

1. d4 Nf6 2. c4 e6 3. Nc3 d5 4. Bg5 Be7 5. Nf3 O-O 6. e3 h6 7. Bh4 Nbd7 8. Rc1
c6 9. Bd3 dxc4 10. Bxc4 Nd5 11. Bxe7 Qxe7 12. Nxd5 exd5 13. Bd3 1/2-1/2

2. Nxd5 exd5 13. Bd3 1/2-1/2